Vài suy nghĩ về chiến thắng Rạch Gầm - Xoài Mút /

Đã lưu trong:
Sonraí Bibleagrafaíochta
Príomhúdar: Nguyễn Danh Phiệt.
Formáid: Bài viết
Teanga:Vietnamese
Ábhair:
Clibeanna: Cuir Clib Leis
Gan Chlibeanna, Bí ar an gcéad duine leis an taifead seo a chlibeáil!
Thư viện lưu trữ: Thư viện Trường Đại học Đà Lạt
LEADER 00758nam a2200253 4500
001 DLU090086547
005 ##20090923
040 # # |a DLU  |b vie 
041 # # |a vie 
044 # # |a vn 
100 # # |a Nguyễn Danh Phiệt. 
245 # # |a Vài suy nghĩ về chiến thắng Rạch Gầm - Xoài Mút /  |c Nguyễn Danh Phiệt. 
653 # # |a Chống xâm lược  
653 # # |a Truyền thống yêu nước  
773 # # |t Nghiên cứu lịch sử  |g Số 1(220), 1985, tr. 11-15 
920 # # |a Phòng Tạp chí -- Trung tâm Thông tin - Thư viện Trường Đại học Đà Lạt 
994 # # |a DLU 
900 # # |a True 
911 # # |a Nguyễn Thị Linh Chi 
925 # # |a G 
926 # # |a A 
927 # # |a BB 
980 # # |a Thư viện Trường Đại học Đà Lạt